Estadísticas para Las 7 maravillas de mundo natural

Haz click aquí para intentar la prueba.

Estadísticas generales

  • Esta prueba ha sido intentada 79 veces
  • La puntuación promedio es 2 de 7

Estadísticas de respuestas

PaísMaravilla% Correcto
Bolivia/Brasil/Colombia/Ecuador/Guayana Francesa/Guyana/Perú/Surinam/VenezuelaAmazonia
92%
Argentina/BrasilCataratas del iguazú
52%
VietnamBahía de Ha-Long
15%
SudafricaMontaña de la mesa
15%
Corea del surIsla Jeju
13%
IndonesiaParque Nacional de Komodo
11%
FilipinasRio de Puerto Princesa
10%

Distribución de puntuación

Porcentaje por número respondido

Porcentaje de gente con cada puntuación

Historial de tus puntuaciones

No has intentado esta prueba.